[Event "IRL-chT"]
[Site "Dublin"]
[Date "2016.04.23"]
[Round "2"]
[White "Melaugh, Gavin"]
[Black "Pocevicius, Gabrielius"]
[Result "0-1"]
[WhiteElo "1475"]
[BlackElo "1357"]
[PlyCount "56"]
[EventDate "2016.04.23"]
[EventType "team-swiss"]
[EventRounds "4"]
[EventCountry "IRL"]
[SourceTitle "EXT 2023"]
[Source "ChessBase"]
[SourceDate "2022.10.05"]
[SourceVersion "1"]
[SourceVersionDate "2022.10.05"]
[SourceQuality "1"]

1. e4 e5 2. Nf3 Nc6 3. d4 exd4 4. Bc4 h6 5. 0-0 d6 6. Nxd4 Ne5 7. Be2 Nf6 8. f4 Ng6 9. Bb5+ Bd7 10. Bxd7+ Qxd7 11. Re1 Be7 12. e5 dxe5 13. fxe5 Nh7 14. e6 Qd6 15. exf7+ Kxf7 16. Re6 Qc5 17. Be3 Rad8 18. Bf2 Ng5 19. Re1 Bf6 20. c3 Qd5 21. Nd2 Nf4 22. N2f3 Rhe8 23. Qc2 Bxd4 24. cxd4 Nxf3+ 25. gxf3 Qxf3 26. Qxc7+ Kg8 27. Rxe8+ Rxe8 28. Qc4+ Kh8 0-1

[Event "IRL-chT"]
[Site "Dublin"]
[Date "2016.04.23"]
[Round "1"]
[White "Pocevicius, Gabrielius"]
[Black "McLoughlin, Sean"]
[Result "1-0"]
[WhiteElo "1357"]
[BlackElo "1666"]
[PlyCount "141"]
[EventDate "2016.04.23"]
[EventType "team-swiss"]
[EventRounds "4"]
[EventCountry "IRL"]
[SourceTitle "EXT 2023"]
[Source "ChessBase"]
[SourceDate "2022.10.05"]
[SourceVersion "1"]
[SourceVersionDate "2022.10.05"]
[SourceQuality "1"]

1. e4 e6 2. d4 d5 3. exd5 exd5 4. Nf3 Bf5 5. Nc3 Nf6 6. Bf4 c6 7. Bd3 Bxd3 8. Qxd3 Bd6 9. Qe3+ Be7 10. 0-0 0-0 11. Rfe1 Bd6 12. Bg5 Nbd7 13. Ne5 Qc7 14. Qg3 Rfe8 15. f4 Ne4 16. Nxe4 dxe4 17. Qg4 f6 18. Nxd7 fxg5 19. g3 Rad8 20. Ne5 gxf4 21. gxf4 Bxe5 22. dxe5 Rd2 23. Rad1 Qb6+ 24. Kh1 Qf2 25. Qg3 e3 26. Rxd2 Qxg3 27. hxg3 exd2 28. Rd1 Rd8 29. Kg2 Kf7 30. Kf3 Ke6 31. Ke3 g5 32. fxg5 Rg8 33. Rxd2 Rxg5 34. Kf4 Rf5+ 35. Ke4 Rxe5+ 36. Kf4 Rf5+ 37. Ke4 h5 38. c4 Rg5 39. Kf3 b5 40. cxb5 cxb5 41. b4 Rg4 42. a3 Rc4 43. Rd3 Ke5 44. Re3+ Kd4 45. Re4+ Kd5 46. Re3 Rd4 47. Rc3 Rc4 48. Re3 a6 49. Rd3+ Ke5 50. Re3+ Kd4 51. Re4+ Kd5 52. Re3 Rg4 53. Rc3 Rc4 54. Rd3+ Ke5 55. Re3+ Kd6 56. Re4 Kd5 57. Re3 h4 58. g4 Rc2 59. Kf4 Rf2+ 60. Kg5 Rh2 61. Kh5 Rh1 62. g5 h3 63. g6 h2 64. Rh3 Kd4 65. Kh6 Ra1 66. Rxh2 Rxa3 67. Rg2 Rh3+ 68. Kg7 Kc3 69. Rg4 Rf3 70. Kg8 Kb3 71. g7 1-0